000 01002nam a2200277 i 4500
003 EG-GICUC
005 20260219234013.0
008 260219s1988 ua ||||fr|||| 000 0 ara d
040 _a EG-GICUC
_bara
_c EG-GICUC
_d EG-GICUC
_erda
041 0 _aara
082 0 4 _221
_a343
_bي س . أ
092 0 4 _221
099 _aLaw1 10 343 ي س . أ 1988
100 0 _aيسر انور علي
_eمؤلف.
245 1 0 _aالأصول العامة للقانون الجنائي.
_nالجزء الأول،
_pأحكام عامة /
_cالدكتور يسر أنور علي.
264 1 _aالقاهرة :
_bدار النهضة العربية،
_c1988.
300 _a393 ؛ صفحة
_c24 سم.
336 _2rda content
_atext
337 _2rda media
_aComputer
338 _2rda carrier
_aOnline Resource
546 _aالنص باللغة العربية
650 1 4 _aالقانون الجنائي
856 4 0 _uhttps://fll.law.cu.edu.eg/fulltext/bks/B10-08167.pdf
905 _a77
942 _2ddc
_cBK
_e21
_n0
999 _c63888
_d63888